Pièces de Polus sur une carte - Statistiques

Statistiques générales
  • Ce quiz a été pris 146 fois
  • Le résultat moyen est 8 sur 13
Réponses sur la Carte
Les réponses sont colorées sur une échelle allant du rouge au vert en fonction du pourcentage des utilisateurs qui les ont devinées à leur premier essai. Vous pouvez retrouver ces pourcentages ci-dessous.
 
Statistiques - réponses
Pièces % Correct
O2
91%
Administration
89%
Sécurité
88%
Électricité
86%
Laboratoire
82%
Armes
77%
Cargo
72%
Radio
51%
Salle Spécimens
43%
Salles de décontamination
38%
Chaufferie
27%
Navette
27%
Bureaux
24%
Aucun quiz correspondant
Distribution des résultats
% des personnes avec chaque résultat
Percentile par nombre de réponses
Votre historique - résultats
Vous n’avez pas pris ce quiz